Statistics for Pakistan Country Quiz

Click here to take the quiz!

General Stats

  • This quiz has been taken 235 times
  • The average score is 21 of 30

Answer Stats

QuestionAnswer% Correct
Bordering countriesIndia
100%
Bordering countriesAfghanistan
98%
Capital cityIslamabad
97%
Bordering countriesChina
95%
Official languagesUrdu
92%
Official languagesEnglish
92%
Country part of Pakistan until 1971Bangladesh
92%
Biggest citiesKarachi
91%
Bordering countriesIran
90%
Most popular sportCricket
90%
Major disputed region in the northKashmir
88%
Biggest citiesLahore
85%
Tallest mountainK2
84%
Range the above is part ofHimalayas
79%
CurrencyRupee
75%
Most common first languagesPunjabi
75%
Longest riverIndus
74%
Bordering ocean seaArabian Sea
70%
The only female prime ministerBenazir Bhutto
70%
Most common first languagesPashto
68%
Mountain pass between Pakistan
and bordering country #1
Khyber Pass
58%
Youngest Nobel Prize winnerMalala Yousafzai
58%
Great leader and the founding
father of Pakistan
Muhammad Ali
Jinnah
48%
Capital of BalochistanQuetta
48%
Biggest citiesRawalpindi
42%
Most common first languagesSindhi
41%
Biggest citiesFaisalabad
40%
Longest serving prime ministerNawaz Sharif
30%
Biggest citiesGujranwala
20%
Most common first languagesSaraiki
19%

Score Distribution

Percentile by Number Answered

Percent of People with Each Score

Your Score History

You have not taken this quiz